000 01349nam a2200241Ia 4500
003 Ost
005 20260507074940.0
008 260507s9999||||xx |||||||||||||| ||und||
020 _a6223119957
040 _cfsecg
041 _aara
082 _a515
100 _aحمدان، قتحي خليل
_eمؤلف
245 0 _aاساسيات التفاضل و التكامل /
_c قتحي خليل حمدان
250 _aطبعة 4
260 _aعمان:
_bدار وائل للنشر,
_c2008
300 _a283 صفحة؛
_c24 سم
520 _aجاء هذا الكتاب في ست وحدات تناول من خلالها أساسيات التفاضل والتكامل كالاقترانات والنهايات وتعريف المشتقة وقواعد الاشتقاق ، ولتقريب هذه الأمور من ذهن الطالب قدم الكتاب تطبيقات في التفاضل مثل المعادلات المرتبطة بالزمن والتزايد والتناقض ومن ثم عرض للتكامل وتطبيقاته كالتكامل غير المحدود وتكامل الاقترانات ، والكثير من العناوين والمسائل التي تساعد على تنشيط الذهن وفهم المادة
653 _aتحليل رياضي
653 _aتفاضل
653 _aتكامل
942 _cكتاب
999 _c41924
_d41924